La sociología Argentina en la primera mitad del siglo XX /
Guardado en:
| 主要作者: | |
|---|---|
| 格式: | Texto |
| 标签: |
添加标签
没有标签, 成为第一个标记此记录!
|
MARC
| LEADER | 00000 a a2200000 04500 | ||
|---|---|---|---|
| 001 | 40598 | ||
| 003 | |||
| 040 | |||
| 100 | |a Marsal, Juan F. | ||
| 245 | |a La sociología Argentina en la primera mitad del siglo XX / |c Juan F. Marsal | ||
| 773 | |g volumen2, (XI Congreso Latinoamericano de Sociología ), [páginas 135-203] | ||
| 999 | |c 25693 |d 25693 | ||
